000 01640nam a2200337 4500
001 313
003 OSt
005 20250325113000.0
008 250325b |||||||j |||| 00| 1 eng d
020 _a8501023027
040 _bpor
041 _hfre
_apor
082 _a028.5
_bG676a
100 1 _aGoscinny, René
_d1926-1977.
_9625
240 _aAstérix en corse
245 _aAsterix na Córsega /
_cGoscinny, René ; Desenhos de Uderzo, Albert ; Tradução de Cláudio Vargas
260 _aRio de Janeiro
_bRecord
_c2001
300 _a48 p.
_bil.
490 1 _aAsterix
_vvol. 20
520 _aPara celebrarem o aniversário da batalha de Gergóvia, os Gauleses convidam todos os seus amigos e, à laia de aperitivo, decidem dar uma coça aos infelizes legionários do campo fortificado de Babácomrum. É aí que encontram e libertam Ocatarinetabellatchitchix, um chefe de clã corso que está prisioneiro dos Romanos. Ainda mais orgulhoso do que um Gaulês, este último afirma que os Corsos são o "pesadelo dos Romanos". Curiosos por saber como é que os Corsos lidam com a situação, Asterix e Obelix decidem partir para a Ilha da Beleza, para provarem que são os únicos a causar calafrios aos Romanos. E, mais uma vez, são os Romanos que, sem saberem, vão arbitrar a discussão...
650 0 _aLiteratura francesa
_9122
650 0 _aInfantojuvenil
_9200
650 0 _aVikings
_9626
650 0 _aAventura
_947
650 0 _aHumor
_960
655 0 _aHQs
_9247
700 1 _aUderzo, Albert
_d1927-
_eDesenhos
_9627
700 _aCláudio Vargas
_eTradução
_9628
830 _aAsterix
_vvol. 20
_9629
942 _2ddc
_n0
_cBK
999 _c313
_d313